000 00997nam a22002537a 4500
005 20240530110520.0
008 160216s su a f b 000 0 ara d
017 _a1433/1094
_bالسعودية . مكتبة الملك فهد الوطنية
020 _a9786038087749
040 _aEG-CaGPL
082 0 4 _221
_a158.3\
_bم م
100 0 _aمحمد محمود محمد على .
245 1 2 _aالمقابلة الارشادية و العلاجية /
_cمحمد محمود محمد على ، على احمد سيد مصطفى .
250 _aط1.
260 _aالرياض :
_bدار الزهراء ،
_c2013 .
300 _a367 ص ؛
_c24 سم .
504 _aببليوجرافية : ص 335 - 364
650 0 4 _aالارشاد النفسى .
650 0 4 _aالعلاج النفسى .
650 0 4 _aالمعوقون
_xرعاية و علاج .
700 0 _aعلى احمد سيد مصطفى
_eمؤلف مشارك .
942 _2ddc
_cBK
999 _c61866
_d61866